Normal view
MARC view
Entry Topical Term
001 - CONTROL NUMBER
- control field: 31164
003 - CONTROL NUMBER IDENTIFIER
- control field: OSt
005 - DATE AND TIME OF LATEST TRANSACTION
- control field: 20220512151828.0
008 - FIXED-LENGTH DATA ELEMENTS
- fixed length control field: 220512|| aca||aabn | a|a d
040 ## - CATALOGING SOURCE
- Original cataloging agency: OSt
- Transcribing agency: OSt
150 ## - HEADING--TOPICAL TERM
- Topical term or geographic name entry element: Ghaznavid empire, Perso-arabic historiography, Trade, Militarised peasants, Hierarchy of kings, ‘Utbi, Gardizi, Mahmud of ghazna
670 ## - SOURCE DATA FOUND
- Source citation: Work cat.: (OSt): Anooshahr, Ali 31163, The ghaznavid empire of India
